Все вредные советы (Запись № 2108757)

Подробности
000 -МАРКЕР
контрольное поле 01628nam0a2200361 4500
001 - ИДЕНТИФИКАТОР ЗАПИСИ
контрольное поле RU\NLR\bibl\1838314
005 - ИДЕНТИФИКАТОР ВЕРСИИ
контрольное поле 20260406121457.0
010 ## - МЕЖДУНАРОДНЫЙ СТАНДАРТНЫЙ НОМЕР КНИГИ (ISBN)
Номер (ISBN) 978-5-17-075619-3
Уточнения АСТ
010 ## - МЕЖДУНАРОДНЫЙ СТАНДАРТНЫЙ НОМЕР КНИГИ (ISBN)
Номер (ISBN) 978-5-271-37379-4
Тираж 5000
Уточнения Астрель
021 ## - НОМЕР ГОСУДАРСТВЕННОЙ РЕГИСТРАЦИИ
Код страны Российская Федерация
Номер 2011-86648
Номер Листа государственной регистраци 6185
035 ## - ДРУГИЕ СИСТЕМНЫЕ НОМЕРА
Идентификатор записи (NLR Aleph) 001828786
100 ## - ДАННЫЕ ОБЩЕЙ ОБРАБОТКИ
Данные общей обработки 20111124d2011 |||y0rusy50 ca
101 0# - ЯЗЫК РЕСУРСА
Язык текста, звукозаписи и т.д. русский
102 ## - СТРАНА ПУБЛИКАЦИИ ИЛИ ПРОИЗВОДСТВА
Страна публикации Российская Федерация
105 ## - ПОЛЕ КОДИРОВАННЫХ ДАННЫХ: ТЕКСТОВЫЕ МАТЕРИАЛЫ, МОНОГРАФИЧЕСКИЕ
Кодированные данные о монографическом текстовом документе a |||||||||
200 1# - ЗАГЛАВИЕ И СВЕДЕНИЯ ОБ ОТВЕТСТВЕННОСТИ
Основное заглавие Все вредные советы
Сведения, относящиеся к заглавию [для младшего школьного возраста]
Первые сведения об ответственности Г. Остер
Последующие сведения об ответственности [худож.: А. Мартынов, Е. Ващинская]
210 ## - ПУБЛИКАЦИЯ, РАСПРОСТРАНЕНИЕ И ДР.
Место издания, распространения и т.д. Москва
Имя издателя, распространителя и т. д. АСТ
-- Астрель
Дата издания, распространения и т.д. 2011
215 ## - ФИЗИЧЕСКАЯ ХАРАКТЕРИСТИКА
Специфическое обозначение материала и объем 702, [1] c.
Другие сведения о физической характеристике ил.
Размеры 21
300 ## - ОБЩИЕ ПРИМЕЧАНИЯ
Текст примечания На обороте тит. л. и в вып. дан. загл.: Все вредные советы в одной книге
517 0# - ДРУГИЕ ВАРИАНТЫ ЗАГЛАВИЯ
Вариант заглавия Все вредные советы в одной книге
686 ## - ИНДЕКСЫ ДРУГИХ КЛАССИФИКАЦИЙ
Индекс Ш9(2)60=Р7я44
700 #1 - ИМЯ ЛИЦА - ПЕРВИЧНАЯ ОТВЕТСТВЕННОСТЬ
Код отношения Автор
Материалы, к которым относится поле rus
Графика поля Кириллица
Начальный элемент ввода Остер
Часть имени, кроме начального элемента ввода Г.Б.
Даты 1947 -
Расширение инициалов личного имени Григорий Бенционович
Идентификатор авторитетной/нормативной записи RU\NLR\auth\77563
Системный номер авторитетной/нормативной записи 110610
702 #1 - ИМЯ ЛИЦА - ВТОРИЧНАЯ ОТВЕТСТВЕННОСТЬ
Код отношения Иллюстратор
Материалы, к которым относится поле rus
Графика поля Кириллица
Начальный элемент ввода Мартынов
Часть имени, кроме начального элемента ввода А. Е.
Дополнения к именам, кроме дат художник-иллюстратор
Даты 1958-2012
Расширение инициалов личного имени Андрей Евгеньевич
Идентификатор авторитетной/нормативной записи RU\NLR\AUTH\7753566
Системный номер авторитетной/нормативной записи 36498
702 #1 - ИМЯ ЛИЦА - ВТОРИЧНАЯ ОТВЕТСТВЕННОСТЬ
Код отношения Иллюстратор
Материалы, к которым относится поле rus
Графика поля Кириллица
Начальный элемент ввода Костина-Ващинская
Часть имени, кроме начального элемента ввода Е. А.
Дополнения к именам, кроме дат художник
Расширение инициалов личного имени Екатерина Анатольевна
Идентификатор авторитетной/нормативной записи RU\NLR\AUTH\77100978
Системный номер авторитетной/нормативной записи 83904
801 #0 - ИСТОЧНИК ЗАПИСИ
Страна Российская Федерация
Организация NLR
Дата составления 20111124
Правила каталогизации RCR
801 #1 - ИСТОЧНИК ЗАПИСИ
Страна Российская Федерация
Организация NLR
Дата составления 20111124
942 ## - ДОПОЛНИТЕЛЬНЫЕ ЭЛЕМЕНТЫ ЗАПИСИ (АБИС)
Тип экземпляра АБИС Книга
980 ## - КОЛЛЕКЦИЯ
Название коллекции Национальная библиография
980 ## - КОЛЛЕКЦИЯ
Название коллекции НБР
Экземпляры
Тип экземпляра Дата поступления Источник поступления Библиотека постоянного хранения Библиотека текущего хранения Место хранения Шифр хранения Штрих-код Статус экземпляра
Книга 24.11.2011 Обязательный экземпляр РНБ (Московский) РНБ (Московский) Русский книжный фонд: издания с 1957 года 2011-3/37079 1-481705  
Книга 24.11.2011 Обязательный экземпляр РНБ (Московский) РНБ (Московский) Обменный фонд   3540804